00689nam a2200181 a 450000100100000000500170001000800410002704000250006808200150009310000280010824500920013653400580022870000270028683000550031304900090036895201130037799900170049000002287120200930021840.0101119s1971 ag r 000 | spa d aDO-SdBNPbspacBNPHU axxxbD486n1 aDeutsch, Karl W.94700113aEl nacionalismo y sus alternativas /cKarl W. Deutsch ; traducción de Carlos R. Luis. aTítulo original :tNationalism and its alternatives1 aLuis, Carlos R.947002 0aNationalism and its alternativeslespañol947003 aBNGR 001050718MOaGRbGRcCTd2010-11-19iLF1l0oxxx D486np22871-10r2020-06-25w2020-06-25y1ZNo se presta c22368d22368